Stastitical methods in computer security

Kaydedildi:
Detaylı Bibliyografya
Yazar: Chen, William W. S.
Materyal Türü: Kitap
Dil:Undetermined
Baskı/Yayın Bilgisi: New York Marcel Dekker 2005
Konular:
Etiketler: Etiketle
Etiket eklenmemiş, İlk siz ekleyin!
Thư viện lưu trữ: Trung tâm Học liệu Trường Đại học Cần Thơ
LEADER 00549nam a2200205Ia 4500
001 CTU_88951
008 210402s9999 xx 000 0 und d
020 |c 1499000 
082 |a 005.801 
082 |b C518 
100 |a Chen, William W. S. 
245 0 |a Stastitical methods in computer security 
245 0 |c William W. S. Chen 
260 |a New York 
260 |b Marcel Dekker 
260 |c 2005 
650 |a Computer security 
650 |x Statistical methods 
904 |i Năm 
980 |a Trung tâm Học liệu Trường Đại học Cần Thơ